[Event "2nd Turkish League 2017"]
[Site "Konya"]
[Date "2017.07.23"]
[Round "9"]
[White "Sariisik, Cagdas"]
[Black "Celik, Berkay"]
[Result "0-1"]
[WhiteElo "1468"]
[BlackElo "1963"]
[Annotator "NA"]
[PlyCount "124"]
[EventType "team-tourn"]
[EventCountry "TUR"]
[SourceTitle "playchess.com"]
[Source "ChessBase"]
[SourceQuality "1"]
[TimeControl "5400+30"]

1. e4 {[%emt 0:00:30]} g6 {[%emt 0:01:00]} 2. Nf3 {[%emt 0:00:30]} Bg7 {[%emt 0:00:00]} 3. d4 {[%emt 0:00:30]} d6 {[%emt 0:00:00]} 4. Bc4 {[%emt 0:00:30]} Nf6 {[%emt 0:00:00]} 5. Qe2 {[%emt 0:03:30]} O-O {[%emt 0:02:00]} 6. O-O {[%emt 0:06:30]} Nc6 {[%emt 0:02:30]} 7. c3 {[%emt 0:00:00]} e5 {[%emt 0:00:00]} 8. Na3 {[%emt 0:01:00]} Qe7 {[%emt 0:00:00]} 9. Re1 {[%emt 0:01:30]} Bg4 {[%emt 0:00:30]} 10. Nc2 {[%emt 0:00:30]} Rfe8 {[%emt 0:00:30]} 11. d5 {[%emt 0:04:30]} Nd8 {[%emt 0:00:30]} 12. h3 {[%emt 0:00:00]} Bd7 {[%emt 0:00:30]} 13. a4 {[%emt 0:02:00]} h6 {[%emt 0:00:00]} 14. a5 {[%emt 0:11:30]} a6 {[%emt 0:00:00]} 15. Nd2 {[%emt 0:08:30]} Nh7 {[%emt 0:00:30]} 16. b4 {[%emt 0:05:30]} f5 {[%emt 0:00:00]} 17. f3 {[%emt 0:01:30]} f4 {[%emt 0:00:00]} 18. Bb3 {[%emt 0:04:30]} g5 {[%emt 0:00:00]} 19. c4 {[%emt 0:05:30]} Nf7 {[%emt 0:00:00]} 20. Ba3 {[%emt 0:03:30]} h5 {[%emt 0:00:00]} 21. c5 {[%emt 0:00:30]} Nf6 {[%emt 0:00:00]} 22. Bc4 {[%emt 0:04:30]} g4 {[%emt 0:00:00]} 23. hxg4 {[%emt 0:05:30]} hxg4 {[%emt 0:00:00]} 24. Rec1 {[%emt 0:00:30]} Nh5 {[%emt 0:01:30]} 25. Ne1 {[%emt 0:07:30]} g3 {[%emt 0:00:30]} 26. Kf1 {[%emt 0:01:30]} Qh4 {[%emt 0:00:00]} 27. Qd3 {[%emt 0:01:30]} Qh2 {[%emt 0:01:00]} 28. Ke2 {[%emt 0:01:57]} Bh3 {[%emt 0:00:00]} 29. Nf1 {[%emt 0:00:54]} Qg1 {[%emt 0:00:00]} 30. gxh3 {[%emt 0:01:49]} g2 {[%emt 0:00:30]} 31. Nxg2 {[%emt 0:05:50]} Qxg2+ {[%emt 0:00:30]} 32. Kd1 {[%emt 0:01:13]} Ng5 {[%emt 0:00:30]} 33. Nd2 {[%emt 0:00:24]} Nxh3 {[%emt 0:00:00]} 34. Qf1 {[%emt 0:01:05]} Qh2 {[%emt 0:00:00]} 35. Kc2 {[%emt 0:03:20]} Ng3 {[%emt 0:00:30]} 36. Qe1 {[%emt 0:01:43]} Ng5 {[%emt 0:00:30]} 37. Qg1 {[%emt 0:00:53]} Nxf3 {[%emt 0:00:00]} 38. Qxh2 {[%emt 0:01:02]} Nxh2 {[%emt 0:00:00]} 39. Bb2 {[%emt 0:01:12]} Ng4 {[%emt 0:00:00]} 40. Bd3 {[%emt 0:01:10]} Kf7 {[%emt 0:00:00]} 41. c6 {[%emt 0:00:41]} bxc6 {[%emt 0:00:30]} 42. dxc6 {[%emt 0:00:30]} Rh8 {[%emt 0:00:30]} 43. Nf3 {[%emt 0:00:21]} Bf6 {[%emt 0:00:30]} 44. b5 {[%emt 0:00:40]} axb5 {[%emt 0:00:00]} 45. Bxb5 {[%emt 0:00:35]} Nxe4 {[%emt 0:00:00]} 46. a6 {[%emt 0:00:29]} Ne3+ {[%emt 0:00:00]} 47. Kb3 {[%emt 0:01:09]} Nc5+ {[%emt 0:00:00]} 48. Kb4 {[%emt 0:00:03]} Nd5+ {[%emt 0:01:30]} 49. Kc4 {[%emt 0:02:28]} Nb6+ {[%emt 0:00:30]} 50. Kb4 {[%emt 0:00:35]} Rh3 {[%emt 0:00:00]} 51. Nxe5+ {[%emt 0:00:28]} Bxe5 {[%emt 0:00:00]} 52. Bxe5 {[%emt 0:00:16]} Rb3+ {[%emt 0:00:30]} 53. Ka5 {[%emt 0:00:14]} Nxa6 {[%emt 0:00:30]} 54. Bxa6 {[%emt 0:00:43]} dxe5 {[%emt 0:00:30]} 55. Rc5 {[%emt 0:00:46]} Ke6 {[%emt 0:00:30]} 56. Rb5 {[%emt 0:00:16]} Nc4+ {[%emt 0:00:30]} 57. Ka4 {[%emt 0:00:19]} Rb2 {[%emt 0:00:30]} 58. Rxb2 {[%emt 0:01:06]} Rxa6+ {[%emt 0:00:00]} 59. Kb3 {[%emt 0:00:35]} Rxa1 {[%emt 0:00:00]} 60. Kxc4 {[%emt 0:00:00]} Rc1+ {[%emt 0:00:30]} 61. Kb5 {[%emt 0:00:56]} f3 {[%emt 0:00:00]} 62. Ka6 {[%emt 0:00:06]} Rxc6+ {[%emt 0:00:00]} 0-1

[Event "2nd Turkish League 2017"]
[Site "Konya"]
[Date "2017.07.23"]
[Round "9"]
[White "Yaman, Sila"]
[Black "Ilkbahar, Nimet Seray"]
[Result "0-1"]
[WhiteElo "1342"]
[BlackElo "1618"]
[Annotator "NA"]
[PlyCount "78"]
[EventType "team-tourn"]
[EventCountry "TUR"]
[SourceTitle "playchess.com"]
[Source "ChessBase"]
[SourceQuality "1"]
[TimeControl "5400+30"]

1. d4 {[%emt 0:00:30]} d5 {[%emt 0:01:00]} 2. e3 {[%emt 0:00:30]} Nf6 {[%emt 0:00:30]} 3. Bd3 {[%emt 0:00:00]} c5 {[%emt 0:00:30]} 4. c3 {[%emt 0:00:00]} cxd4 {[%emt 0:00:30]} 5. exd4 {[%emt 0:00:30]} Nc6 {[%emt 0:00:00]} 6. f4 {[%emt 0:00:30]} g6 {[%emt 0:03:00]} 7. Nf3 {[%emt 0:00:30]} Bg7 {[%emt 0:03:30]} 8. O-O {[%emt 0:00:30]} O-O {[%emt 0:01:30]} 9. Nbd2 {[%emt 0:00:30]} Qb6 {[%emt 0:05:30]} 10. Ne5 {[%emt 0:02:30]} Nxe5 {[%emt 0:07:30]} 11. fxe5 {[%emt 0:00:30]} Ng4 {[%emt 0:05:30]} 12. Nf3 {[%emt 0:04:30]} Nxe5 {[%emt 0:03:30]} 13. Nxe5 {[%emt 0:02:30]} Bxe5 {[%emt 0:00:30]} 14. Qe2 {[%emt 0:00:30]} Bf6 {[%emt 0:04:30]} 15. Bh6 {[%emt 0:03:30]} Rd8 {[%emt 0:05:30]} 16. Rae1 {[%emt 0:04:30]} Be6 {[%emt 0:07:30]} 17. h4 {[%emt 0:02:30]} Qc7 {[%emt 0:15:30]} 18. Bf4 {[%emt 0:03:30]} Qd7 {[%emt 0:01:30]} 19. g3 {[%emt 0:06:30]} Bh3 {[%emt 0:02:30]} 20. Rf2 {[%emt 0:01:30]} Qg4 {[%emt 0:01:30]} 21. Qxg4 {[%emt 0:04:30]} Bxg4 {[%emt 0:00:00]} 22. Ref1 {[%emt 0:00:30]} Bh3 {[%emt 0:01:00]} 23. Re1 {[%emt 0:00:00]} a6 {[%emt 0:01:30]} 24. Kh2 {[%emt 0:00:00]} Be6 {[%emt 0:01:30]} 25. Be5 {[%emt 0:03:30]} Bg7 {[%emt 0:02:30]} 26. h5 {[%emt 0:02:30]} Bxe5 {[%emt 0:02:30]} 27. Rxe5 {[%emt 0:00:30]} Kg7 {[%emt 0:01:30]} 28. hxg6 {[%emt 0:00:30]} hxg6 {[%emt 0:00:00]} 29. Rf1 {[%emt 0:01:30]} Rh8+ {[%emt 0:00:00]} 30. Kg1 {[%emt 0:00:30]} Rh3 {[%emt 0:01:30]} 31. Kg2 {[%emt 0:00:30]} Rah8 {[%emt 0:00:30]} 32. Rf2 {[%emt 0:04:30]} Rh2+ {[%emt 0:00:30]} 33. Kf1 {[%emt 0:00:30]} Rxf2+ {[%emt 0:01:30]} 34. Kxf2 {[%emt 0:01:30]} Rh2+ {[%emt 0:00:00]} 35. Kf3 {[%emt 0:00:30]} Rxb2 {[%emt 0:00:00]} 36. Re2 {[%emt 0:00:30]} Rxe2 {[%emt 0:01:30]} 37. Kxe2 {[%emt 0:00:30]} Bf5 {[%emt 0:03:27]} 38. Bxf5 {[%emt 0:00:30]} gxf5 {[%emt 0:00:01]} 39. Kf3 {[%emt 0:01:30]} Kg6 {[%emt 0:00:21]} 0-1

[Event "2nd Turkish League 2017"]
[Site "Konya"]
[Date "2017.07.23"]
[Round "9"]
[White "Meylani, Irem Serdil"]
[Black "Catal, Uktenur"]
[Result "1/2-1/2"]
[WhiteElo "1288"]
[BlackElo "1613"]
[Annotator "NA"]
[PlyCount "27"]
[EventType "team-tourn"]
[EventCountry "TUR"]
[SourceTitle "playchess.com"]
[Source "ChessBase"]
[SourceQuality "1"]
[TimeControl "5400+30"]

1. e4 {[%emt 0:00:30]} c5 {[%emt 0:01:00]} 2. Nf3 {[%emt 0:00:30]} a6 {[%emt 0:00:00]} 3. d4 {[%emt 0:00:00]} cxd4 {[%emt 0:00:00]} 4. Nxd4 {[%emt 0:00:00]} Nf6 {[%emt 0:00:30]} 5. Nc3 {[%emt 0:00:30]} e5 {[%emt 0:00:00]} 6. Nb3 {[%emt 0:01:30]} Bb4 {[%emt 0:00:00]} 7. Bd3 {[%emt 0:02:30]} d5 {[%emt 0:00:30]} 8. exd5 {[%emt 0:03:30]} Nxd5 {[%emt 0:00:00]} 9. Bd2 {[%emt 0:01:30]} Nxc3 {[%emt 0:00:00]} 10. bxc3 {[%emt 0:01:30]} Bd6 {[%emt 0:00:30]} 11. c4 {[%emt 0:01:30]} Qc7 {[%emt 0:01:30]} 12. Qf3 {[%emt 0:05:30]} O-O {[%emt 0:03:30]} 13. Ba5 {[%emt 0:04:30]} Qe7 {[%emt 0:00:30]} 14. O-O {[%emt 0:01:30]} 1/2-1/2